[Event "Titled Tue 1st Jul Early"]
[Site "chess.com INT"]
[Date "2025.07.01"]
[Round "9"]
[White "Kamalsyah, Muhammad"]
[Black "Garde, Guillaume"]
[Result "1-0"]
[WhiteTitle "FM"]
[BlackTitle "CM"]
[WhiteElo "2314"]
[BlackElo "2196"]
[WhiteFideId "7105932"]
[BlackFideId "45138273"]
[EventDate "2025.07.01"]

1. d4 d5 2. Nf3 Nc6 3. g3 Bf5 4. Bg2 e6 5. O-O Nf6 6. c4 Nb4 7. Na3 c6 8. Bf4 h6
9. Qb3 a5 10. Nd2 Be7 11. Rfd1 O-O 12. f3 Qd7 13. e4 dxe4 14. Nxe4 Rfd8 15. h3
a4 16. Qc3 Bg6 17. Be5 Nxe4 18. fxe4 f6 19. Bf4 e5 20. dxe5 Qxd1+ 21. Rxd1 Rxd1+
22. Kh2 Nxa2 23. Qc2 Rdd8 24. c5 Nb4 25. Qc4+ Bf7 26. Qxb4 b5 27. exf6 gxf6 28.
Bd6 Bxd6 29. cxd6 Ra7 30. e5 fxe5 31. Bxc6 e4 32. Nxb5 Ra6 33. Bxe4 Rb6 34. Qc5
Rdb8 35. Bc6 Kg7 36. d7 Ra6 37. Qe5+ Kg6 38. Qxb8 Rxc6 39. d8=Q Rc2+ 40. Kg1
Rc1+ 41. Kf2 Rc2+ 42. Ke3 Rxb2 43. Qd3+ Kg7 44. Qe5+ Kg8 45. Qxb2 a3 46. Qf6 a2
47. Qdd8+ Kh7 48. Qdh8# 1-0

[Event "Titled Tue 1st Jul Early"]
[Site "chess.com INT"]
[Date "2025.07.01"]
[Round "9"]
[White "Grandelius, Nils"]
[Black "Gharibyan, Mamikon"]
[Result "1-0"]
[WhiteTitle "GM"]
[BlackTitle "GM"]
[WhiteElo "2642"]
[BlackElo "2495"]
[WhiteFideId "1710400"]
[BlackFideId "13308300"]
[EventDate "2025.07.01"]

1. d4 Nf6 2. c4 e6 3. Nc3 d5 4. cxd5 exd5 5. Bf4 Bd6 6. Bxd6 Qxd6 7. e3 Bf5 8.
Qf3 Be4 9. Qg3 Qb4 10. O-O-O O-O 11. f3 Bg6 12. h4 c5 13. Qd6 Rc8 14. g4 Nbd7
15. Bb5 a5 16. a3 Qb3 17. Ba4 Qc4 18. h5 Ra6 19. Qh2 cxd4 20. Rxd4 Qf1+ 21. Bd1
Rxc3+ 22. bxc3 Bd3 23. Nh3 Rb6 24. Rxf1 Rb1+ 25. Kd2 Rb2+ 26. Ke1 Rxh2 27. Rxd3
Ne5 28. Nf4 Nxd3+ 29. Nxd3 Ra2 30. Rf2 Rxa3 31. Rb2 h6 32. Rxb7 Rxc3 33. Kd2 Ra3
34. Ne5 d4 35. Rb8+ Kh7 36. Bc2+ g6 37. exd4 Kg7 38. hxg6 fxg6 39. Rb7+ Kg8 40.
Bb3+ Kh8 41. Nxg6# 1-0

[Event "Titled Tue 1st Jul Early"]
[Site "chess.com INT"]
[Date "2025.07.01"]
[Round "9"]
[White "Yushko, Olga"]
[Black "Sabatier, Mathis"]
[Result "0-1"]
[WhiteTitle "WFM"]
[BlackTitle "CM"]
[WhiteElo "2033"]
[BlackElo "2235"]
[WhiteFideId "14114500"]
[BlackFideId "26029685"]
[EventDate "2025.07.01"]

1. d4 d5 2. c4 dxc4 3. e3 e5 4. Bxc4 exd4 5. exd4 Bd6 6. Nf3 Nf6 7. Bg5 O-O 8.
O-O Nc6 9. Nc3 h6 10. Bh4 Bg4 11. Be2 Bxf3 12. Bxf3 Nxd4 13. Bxb7 Rb8 14. Bxf6
Qxf6 15. Ne4 Nf3+ 16. gxf3 Qg6+ 17. Ng3 Rxb7 18. b3 Rb4 19. Qd5 Rf4 20. Kg2 Rh4
21. Qf5 Rxh2+ 22. Kg1 Bxg3 23. Qxg6 fxg6 24. fxg3 Rb2 25. Rf2 Rxf2 26. Kxf2 Rd8
27. Ke3 Kf7 28. Rc1 Rd7 29. Rc6 g5 30. b4 Ke7 31. b5 Kd8 32. a4 Rd6 33. Rc5 a6
34. Rf5 axb5 35. Rxb5 Ra6 36. a5 Kd7 37. Kd4 Kd6 38. Rd5+ Ke6 39. Rc5 c6 40. Ke4
Kd6 41. Kd4 g6 42. Kc4 Ra8 43. Kd4 Ra7 44. g4 Rf7 45. a6 Rf4+ 46. Ke3 Kxc5 47.
a7 Ra4 0-1

[Event "Titled Tue 1st Jul Early"]
[Site "chess.com INT"]
[Date "2025.07.01"]
[Round "9"]
[White "Tekeyev, Zaur"]
[Black "Mujumdar, Sameer"]
[Result "1-0"]
[WhiteTitle "IM"]
[WhiteElo "2407"]
[BlackElo "2054"]
[WhiteFideId "4199731"]
[BlackFideId "2029707"]
[EventDate "2025.07.01"]

1. e4 c5 2. Nf3 d6 3. Bb5+ Nd7 4. c3 Nf6 5. Qe2 a6 6. Ba4 b5 7. Bc2 Bb7 8. O-O
g6 9. d4 Bg7 10. Re1 O-O 11. Nbd2 Qc7 12. Bd3 cxd4 13. cxd4 e5 14. dxe5 dxe5 15.
Nb3 Rac8 16. Bd2 Qb8 17. Bb4 Rfe8 18. h3 Nh5 19. g3 Nhf6 20. Qe3 Bf8 21. a3 Ba8
22. Rad1 Bxb4 23. axb4 Nb6 24. Nc5 Nc4 25. Qg5 Qb6 26. Bxc4 bxc4 27. Nd7 Nxd7
28. Rxd7 Rcd8 29. Nxe5 f6 30. Qh4 Rxd7 31. Nxd7 Qxb4 32. Nxf6+ Kf7 33. Rd1 Re7
34. Nxh7 Qb7 35. Ng5+ Kg7 36. Qh7+ Kf6 37. Qh6 Rxe4 38. Nxe4+ Qxe4 39. Qf4+ Qxf4
40. gxf4 1-0

[Event "Titled Tue 1st Jul Early"]
[Site "chess.com INT"]
[Date "2025.07.01"]
[Round "9"]
[White "Vu Quang Quyen"]
[Black "Tiitta, Sauli"]
[Result "1-0"]
[WhiteTitle "CM"]
[WhiteElo "2026"]
[BlackElo "2157"]
[WhiteFideId "12402168"]
[BlackFideId "502251"]
[EventDate "2025.07.01"]

1. e4 g5 2. h4 g4 3. d4 d5 4. exd5 Qxd5 5. c4 Qe4+ 6. Ne2 g3 7. f3 Qc6 8. Nxg3
Bg7 9. Nc3 Nf6 10. Bf4 Qb6 11. Qd2 c5 12. Na4 Qe6+ 13. Be2 cxd4 14. Nc5 Qb6 15.
Nce4 Nxe4 16. Nxe4 Bf5 17. c5 Qg6 18. Bd3 Nc6 19. g4 Bxe4 20. Bxe4 Qe6 21. Kf2
h5 22. g5 f5 23. gxf6 Bxf6 24. b4 Rd8 25. Rae1 Ne5 26. Bg6+ Kd7 27. Qxd4+ Kc8
28. Qe4 Qxa2+ 29. Kf1 Nc6 30. Bf5+ Rd7 31. Bxd7+ Kxd7 32. Qf5+ Kd8 33. Rd1+ Ke8
34. Qd7+ Kf8 35. Rg1 Qc4+ 36. Kf2 Bd4+ 37. Be3 Bxe3+ 38. Kxe3 1-0

[Event "Titled Tue 1st Jul Early"]
[Site "chess.com INT"]
[Date "2025.07.01"]
[Round "9"]
[White "Sprenar, Petr"]
[Black "Akshat Sureka"]
[Result "0-1"]
[WhiteTitle "FM"]
[BlackTitle "FM"]
[WhiteElo "2318"]
[BlackElo "2339"]
[WhiteFideId "397164"]
[BlackFideId "25774492"]
[EventDate "2025.07.01"]

1. d4 Nf6 2. c4 e6 3. g3 Bb4+ 4. Bd2 Qe7 5. Bg2 O-O 6. Nf3 Nc6 7. O-O Bxd2 8.
Qxd2 d6 9. Nc3 e5 10. d5 Nb8 11. e4 a5 12. Ne1 Na6 13. Nd3 c6 14. a3 cxd5 15.
cxd5 Bd7 16. b4 axb4 17. axb4 Nc7 18. Rfc1 Nb5 19. Nxb5 Bxb5 20. f3 Rxa1 21.
Rxa1 Qc7 22. Rc1 Qb6+ 23. Qf2 Qa6 24. Ne1 Ra8 25. Bf1 Bxf1 26. Qxf1 Qb6+ 27. Qf2
Qxb4 28. Nd3 Qb5 29. Qc2 g6 30. Rb1 Qa6 31. Qb3 h5 32. Qb5 Kg7 33. Qxa6 bxa6 34.
Rb6 a5 35. Rxd6 a4 36. Rc6 a3 37. Rc1 Nd7 38. Ra1 Kf6 39. Nb4 Ke7 40. Nc2 a2 41.
Nb4 Ra4 42. Nxa2 Kd6 43. f4 Nc5 44. fxe5+ Kxe5 45. Rc1 Nxe4 46. Nc3 Rc4 47. d6
Nxd6 48. Nb5 Rxc1+ 0-1

[Event "Titled Tue 1st Jul Early"]
[Site "chess.com INT"]
[Date "2025.07.01"]
[Round "9"]
[White "Silva, Mariana"]
[Black "Legenia, Artem"]
[Result "0-1"]
[WhiteTitle "WFM"]
[WhiteElo "2039"]
[BlackElo "2092"]
[WhiteFideId "1911899"]
[BlackFideId "14136945"]
[EventDate "2025.07.01"]

1. d4 Nf6 2. c4 e6 3. Nc3 d5 4. cxd5 exd5 5. Bg5 c6 6. e3 Be7 7. Bd3 O-O 8. Nge2
Re8 9. O-O Nbd7 10. f3 h6 11. Bh4 Nf8 12. Qc2 Nh5 13. Bf2 Bg5 14. e4 dxe4 15.
fxe4 Bh4 16. Ng3 Nxg3 17. hxg3 Bg5 18. e5 c5 19. dxc5 Rxe5 20. Rad1 Qa5 21. Ne4
Be6 22. b3 Be7 23. Bd4 Rh5 24. Qe2 Rxc5 25. Nxc5 Bxc5 26. Qe4 Rd8 27. Bxc5 Qxc5+
28. Kh2 b6 29. Bb1 Qh5+ 30. Qh4 Qxd1 31. Rxd1 Rxd1 32. Be4 Rd2 33. Qf4 Rxa2 34.
b4 Rb2 35. Qd6 Re2 36. Bf3 Re3 37. Qc7 Ra3 38. b5 Ra5 39. Qc6 Bd7 40. Qa8 Bxb5
41. Bd5 Bd7 42. Qb7 Rc5 0-1

[Event "Titled Tue 1st Jul Early"]
[Site "chess.com INT"]
[Date "2025.07.01"]
[Round "9"]
[White "Evdokimov, Alexey"]
[Black "Gogolev, Artem"]
[Result "0-1"]
[WhiteTitle "FM"]
[BlackTitle "IM"]
[WhiteElo "2205"]
[BlackElo "2240"]
[WhiteFideId "24162450"]
[BlackFideId "4116615"]
[EventDate "2025.07.01"]

1. Nf3 d5 2. c4 e6 3. d4 Nf6 4. Nc3 Be7 5. Bg5 O-O 6. e3 h6 7. Bh4 b6 8. Rc1 Bb7
9. a3 c5 10. cxd5 Nxd5 11. Bxe7 Qxe7 12. Nxd5 Bxd5 13. dxc5 bxc5 14. Be2 Qb7 15.
Qc2 Nd7 16. O-O Rab8 17. Qa4 Qxb2 18. Bd3 c4 19. Rb1 Qa2 20. Rxb8 Nxb8 21. Bb1
Qb3 22. Qxa7 Nc6 23. Qc5 f5 24. h3 Qb7 25. Rd1 Rc8 26. Qd6 Bxf3 27. gxf3 Kf7 28.
Ba2 Rd8 29. Qxd8 Nxd8 30. Rxd8 c3 31. Kg2 c2 32. e4 c1=Q 33. exf5 Qg5+ 34. Kh2
Qf4+ 35. Kg1 Qg5+ 36. Kh2 Qxd8 37. Bxe6+ Kf6 38. h4 Qd6+ 39. Kg2 Qbc7 40. a4 Qf4
41. Bd5 Qc3 42. Be4 Qce5 43. a5 Qh2+ 44. Kf1 Qb2 0-1

[Event "Titled Tue 1st Jul Early"]
[Site "chess.com INT"]
[Date "2025.07.01"]
[Round "9"]
[White "Goncharov, Vladimir"]
[Black "Campos Gomez, Manuel"]
[Result "0-1"]
[BlackTitle "IM"]
[WhiteElo "2077"]
[BlackElo "2359"]
[WhiteFideId "34162256"]
[BlackFideId "4444710"]
[EventDate "2025.07.01"]

1. d4 Nf6 2. c4 g6 3. Nc3 Bg7 4. e4 d6 5. h3 O-O 6. Be3 c5 7. Nf3 Qa5 8. Bd3
cxd4 9. Nxd4 Nc6 10. O-O Nxd4 11. Bxd4 Be6 12. b4 Qxb4 13. Rb1 Qa5 14. Rxb7 Nd7
15. Bxg7 Kxg7 16. Nd5 Bxd5 17. exd5 Rfd8 18. Qa1+ Kg8 19. Be2 Rab8 20. Rfb1 Qa6
21. Qb2 Rxb7 22. Qxb7 Qxa2 23. Bf1 Rb8 24. Qxd7 Rxb1 25. Qxe7 Qa1 26. Qxd6 Rxf1+
27. Kh2 Re1 28. f4 Rh1+ 29. Kg3 Qe1+ 30. Kg4 Qe2+ 31. Kg5 Qxg2+ 32. Kf6 Qb2+ 33.
Ke7 Re1+ 34. Kd8 Qb7 35. c5 Qa8+ 36. Kc7 Re8 37. Qd7 Qb8+ 38. Kc6 Rc8+ 39. Qxc8+
Qxc8+ 40. Kd6 a5 41. c6 a4 42. Kc5 a3 43. d6 a2 44. c7 a1=Q 0-1

[Event "Titled Tue 1st Jul Early"]
[Site "chess.com INT"]
[Date "2025.07.01"]
[Round "9"]
[White "Liashkevich, Lizaveta"]
[Black "Csonka, Balazs"]
[Result "0-1"]
[WhiteTitle "WFM"]
[BlackTitle "IM"]
[WhiteElo "2204"]
[BlackElo "2467"]
[WhiteFideId "13518658"]
[BlackFideId "742910"]
[EventDate "2025.07.01"]

1. d4 Nf6 2. Nf3 g6 3. c4 Bg7 4. Nc3 d5 5. cxd5 Nxd5 6. e4 Nxc3 7. bxc3 c5 8.
Be2 Nc6 9. Be3 Bg4 10. e5 cxd4 11. cxd4 O-O 12. O-O Qd7 13. h3 Be6 14. Qb1 Bd5
15. Rd1 Rfc8 16. Qb2 Na5 17. Rac1 Nc4 18. Bxc4 Rxc4 19. Rxc4 Bxc4 20. Nd2 Bd5
21. Nb1 Rc8 22. Nc3 Bc4 23. Rb1 b6 24. a3 Ba6 25. f4 Bb7 26. Rd1 Qc6 27. Rc1 Qd7
28. Rd1 e6 29. Nb5 Be4 30. Nc3 Ba8 31. Rc1 Bf8 32. Ne2 Rxc1+ 33. Qxc1 Qd5 34.
Qf1 Bxa3 35. Bf2 Bf8 36. Nc1 a5 37. Ne2 a4 38. Nc3 Qc6 39. Nb5 a3 40. d5 Qxd5
41. Bxb6 a2 42. Nc7 Qxg2+ 43. Qxg2 Bxg2 0-1

[Event "Titled Tue 1st Jul Early"]
[Site "chess.com INT"]
[Date "2025.07.01"]
[Round "9"]
[White "Rogov, Matfey"]
[Black "Mardov, Dimitar"]
[Result "0-1"]
[WhiteTitle "FM"]
[BlackTitle "IM"]
[WhiteElo "2348"]
[BlackElo "2506"]
[WhiteFideId "44191308"]
[BlackFideId "30919495"]
[EventDate "2025.07.01"]

1. e4 b6 2. d4 Bb7 3. Bd3 e6 4. Nf3 c5 5. d5 exd5 6. exd5 Bxd5 7. Nc3 Be6 8. Bf4
Nc6 9. O-O Nf6 10. Nb5 d6 11. Be2 Nd5 12. Bg3 a6 13. c4 Ne3 14. fxe3 axb5 15.
cxb5 Nb8 16. Qd3 Be7 17. a4 O-O 18. b3 d5 19. Bxb8 Qxb8 20. e4 Rd8 21. e5 Qc7
22. Kh1 Rac8 23. Qe3 h6 24. Bd3 c4 25. bxc4 dxc4 26. Bc2 Qc5 27. Qe4 g6 28. Qf4
Kg7 29. h4 c3 30. h5 Qc4 31. Qe3 Bc5 32. Qe1 Qg4 33. hxg6 fxg6 34. Qxc3 Qh5+ 35.
Nh2 Bg1 36. Qg3 Bxh2 37. Qxh2 Qxh2+ 38. Kxh2 Rxc2 39. Rac1 Bb3 40. Rxc2 Bxc2 41.
Rf6 Rb8 0-1

[Event "Titled Tue 1st Jul Early"]
[Site "chess.com INT"]
[Date "2025.07.01"]
[Round "9"]
[White "Jaskolka, Tomasz"]
[Black "Calvo Gonzalez, Jose Felix"]
[Result "1-0"]
[WhiteTitle "CM"]
[BlackTitle "CM"]
[WhiteElo "2194"]
[BlackElo "2214"]
[WhiteFideId "1170791"]
[BlackFideId "54505615"]
[EventDate "2025.07.01"]

1. e4 c5 2. Nf3 d6 3. d4 cxd4 4. Nxd4 Nf6 5. Nc3 a6 6. Qf3 e5 7. Nf5 g6 8. Ne3
Bg7 9. Bc4 O-O 10. O-O Nc6 11. Ncd5 Nd4 12. Qd1 Nxe4 13. c3 Nc6 14. f4 b5 15.
Bb3 exf4 16. Rxf4 Nc5 17. Qf3 Ne5 18. Nf6+ Qxf6 19. Rxf6 Nxf3+ 20. Rxf3 Nxb3 21.
axb3 Be6 22. b4 d5 23. Nc2 Rfe8 24. Be3 Bg4 25. Rf2 Bf5 26. Bd4 Bh6 27. h3 Re6
28. Bc5 Bxc2 29. Rxc2 Rae8 30. Kf1 Rf6+ 31. Kg1 Be3+ 32. Bxe3 Rxe3 33. Rd2 Re5
34. Rad1 Rd6 35. Kf2 f5 36. b3 Kf7 37. c4 Ke6 38. c5 Rc6 39. Rd4 Re4 40. Rxd5
Rxb4 41. Rd6+ Rxd6 42. Rxd6+ Ke5 43. Rd3 Ke4 44. c6 1-0

[Event "Titled Tue 1st Jul Early"]
[Site "chess.com INT"]
[Date "2025.07.01"]
[Round "9"]
[White "Beyer, Lorenz"]
[Black "Tsyhanchuk, Stanislav"]
[Result "1-0"]
[WhiteTitle "CM"]
[BlackTitle "IM"]
[WhiteElo "2192"]
[BlackElo "2273"]
[WhiteFideId "16245393"]
[BlackFideId "13505130"]
[EventDate "2025.07.01"]

1. d4 Nf6 2. Bf4 g6 3. Nf3 Bg7 4. h3 O-O 5. e3 d6 6. Be2 b6 7. O-O Nbd7 8. a4
Bb7 9. a5 bxa5 10. e4 Nxe4 11. c3 c5 12. Qa4 cxd4 13. cxd4 e5 14. dxe5 dxe5 15.
Bh2 Ndc5 16. Qxa5 Qe7 17. Qa3 Rfe8 18. Nbd2 Nxd2 19. Nxd2 e4 20. Nc4 Qg5 21. Nd6
Re7 22. Nxb7 Rxb7 23. Rab1 Rb3 24. Qa2 Rxh3 25. Rbd1 Rb3 26. Bc4 Rxb2 27. Bxf7+
Kh8 28. Qd5 Qxd5 29. Rxd5 Nd3 30. Rd7 Rf8 31. Bd6 Ne5 32. Bxe5 Bxe5 33. Rxa7 Bd4
34. Re7 Kg7 35. Rxe4 Bxf2+ 36. Rxf2 Rxf2 37. Kxf2 Rxf7+ 38. Kg3 h5 39. Kh3 Kh6
40. g3 Rf2 41. Ra4 Rf3 42. Rb4 Ra3 43. Ra4 Kg5 44. Rxa3 Kh6 45. Ra6 h4 46. gxh4
Kh5 47. Ra5+ Kh6 48. Kg4 1-0

[Event "Titled Tue 1st Jul Early"]
[Site "chess.com INT"]
[Date "2025.07.01"]
[Round "9"]
[White "Khazan, Yevgeny"]
[Black "Rivera Huerta, Alberto"]
[Result "0-1"]
[WhiteTitle "CM"]
[BlackTitle "CM"]
[WhiteElo "2135"]
[BlackElo "1994"]
[WhiteFideId "2806193"]
[BlackFideId "5106052"]
[EventDate "2025.07.01"]

1. d4 Nf6 2. c4 d5 3. cxd5 Nxd5 4. e4 Nb6 5. Nc3 e6 6. f3 Be7 7. Be3 O-O 8. Qd2
c6 9. Nh3 N8d7 10. Nf4 Nf6 11. h4 Qc7 12. h5 e5 13. dxe5 Qxe5 14. h6 g6 15.
O-O-O Be6 16. Nxe6 Qxe6 17. Kb1 Rfd8 18. Qc2 Nc4 19. Bxc4 Qxc4 20. Rxd8+ Rxd8
21. Rd1 b5 22. Rxd8+ Bxd8 23. Bxa7 Be7 24. Qe2 Qe6 25. g4 Nd7 26. f4 b4 27. Nd1
c5 28. Nf2 Qc6 29. Qc4 Qb7 30. f5 Qxa7 31. fxg6 hxg6 32. Qd5 Qc7 33. h7+ Kxh7
34. Qxf7+ Kh6 35. Qxe7 Qc6 36. g5+ Kh5 37. b3 c4 38. bxc4 Nc5 39. Kc2 Kh4 40.
Qh7+ Kg3 0-1

[Event "Titled Tue 1st Jul Early"]
[Site "chess.com INT"]
[Date "2025.07.01"]
[Round "9"]
[White "Wong, Yinn Long"]
[Black "Ghoreishi Amiri, Seyed Kian"]
[Result "1-0"]
[WhiteTitle "FM"]
[BlackTitle "CM"]
[WhiteElo "2300"]
[BlackElo "2215"]
[WhiteFideId "5707684"]
[BlackFideId "36757527"]
[EventDate "2025.07.01"]

1. d4 d5 2. Nf3 e6 3. Bf4 c5 4. e3 cxd4 5. exd4 Nc6 6. c3 Nf6 7. Bd3 Bd6 8. Bxd6
Qxd6 9. O-O O-O 10. Nbd2 Rb8 11. Qe2 Nd7 12. Rfe1 f6 13. Bb5 Re8 14. Rad1 a6 15.
Bxc6 bxc6 16. b4 a5 17. a3 a4 18. c4 Ba6 19. Rc1 Qe7 20. Qd1 Nb6 21. c5 Nc4 22.
Qxa4 Bb5 23. Qb3 Ra8 24. Nxc4 Bxc4 25. Qc3 Bb5 26. Ra1 Ra4 27. Nd2 e5 28. dxe5
fxe5 29. Nf3 e4 30. Nd4 Qb7 31. Nf5 Rf8 32. Nd6 Qb8 33. Re3 Bd3 34. Rg3 Ra7 35.
a4 Rd7 36. b5 cxb5 37. axb5 g6 38. b6 Rfd8 39. Nf5 d4 40. Qb3+ Kf8 41. Nd6 Rxd6
42. cxd6 Rxd6 43. b7 Ra6 44. Rxa6 Bxa6 45. Qa3+ Ke8 46. Qxa6 d3 47. Qc6+ Ke7 48.
Qxe4+ Qe5 49. Qxe5+ 1-0

[Event "Titled Tue 1st Jul Early"]
[Site "chess.com INT"]
[Date "2025.07.01"]
[Round "9"]
[White "Priansh, Das"]
[Black "Shukhman, Anna"]
[Result "0-1"]
[WhiteTitle "FM"]
[BlackTitle "WGM"]
[WhiteElo "2305"]
[BlackElo "2416"]
[WhiteFideId "45029946"]
[BlackFideId "54180058"]
[EventDate "2025.07.01"]

1. e4 c5 2. Nf3 d6 3. d4 cxd4 4. Nxd4 Nf6 5. Nc3 g6 6. Be3 Nc6 7. Be2 Bg7 8. O-O
O-O 9. f4 h5 10. Kh1 Ng4 11. Bg1 Nxd4 12. Bxd4 e5 13. fxe5 Qh4 14. h3 Nxe5 15.
Nd5 Bxh3 16. Rf4 Bg4+ 17. Kg1 Bh6 18. Nf6+ Kg7 19. Rf2 Bxe2 20. Qxe2 Bg5 21. Nd7
Bf4 22. Rxf4 Qxf4 23. Rf1 Qg5 24. Be3 Qh4 25. Nxf8 Rxf8 26. Bd4 f6 27. Bxe5 dxe5
28. Qc4 Rf7 29. Rd1 Qg4 30. Rd8 h4 31. Qc3 Qxe4 32. Qc8 Qe1+ 33. Kh2 Qg3+ 34.
Kg1 Kh6 35. Rh8+ Kg5 36. Qe6 Rc7 37. c3 Qe1+ 38. Kh2 Qg3+ 39. Kg1 Qg4 40. Rf8
Qxe6 0-1

[Event "Titled Tue 1st Jul Early"]
[Site "chess.com INT"]
[Date "2025.07.01"]
[Round "9"]
[White "Erten, Kerem"]
[Black "Chiu, Isaac"]
[Result "1-0"]
[WhiteTitle "FM"]
[WhiteElo "2374"]
[BlackElo "2226"]
[WhiteFideId "34588221"]
[BlackFideId "30900654"]
[EventDate "2025.07.01"]

1. e4 d5 2. exd5 Qxd5 3. Nc3 Qa5 4. d4 Nf6 5. Bc4 c6 6. Nf3 Bf5 7. Bd2 e6 8. O-O
Qc7 9. Re1 Be7 10. Ne5 O-O 11. Bf4 Qd8 12. Ne2 h6 13. Ng3 Bh7 14. c3 Nbd7 15.
Qb3 Nb6 16. Nxf7 Rxf7 17. Bxe6 Bg6 18. h4 h5 19. Re5 Nfd5 20. Bg5 Bxg5 21. hxg5
Kh7 22. Bxf7 Bxf7 23. Rae1 Bg6 24. Qd1 h4 25. Nf5 Nd7 26. Qg4 Nxe5 27. Qxh4+ Kg8
28. Rxe5 Bxf5 29. Rxf5 Qe7 30. Rf3 Rf8 31. Rh3 Kf7 32. Qh5+ Ke6 33. c4 Nf4 34.
Re3+ Kd6 35. c5+ Kd7 36. Rxe7+ Kxe7 37. Qg4 g6 38. g3 Ne6 39. Qe4 Rf5 40. f4 Rd5
41. Qxg6 Rxd4 42. f5 Rd1+ 43. Kf2 Nd4 44. Qf6+ Ke8 45. g6 Rd2+ 46. Ke3 Rd1 47.
g7 Nc2+ 48. Ke2 Re1+ 49. Kd2 1-0

[Event "Titled Tue 1st Jul Early"]
[Site "chess.com INT"]
[Date "2025.07.01"]
[Round "9"]
[White "Bok, Benjamin"]
[Black "Galchenko, Matvey"]
[Result "0-1"]
[WhiteTitle "GM"]
[BlackTitle "IM"]
[WhiteElo "2593"]
[BlackElo "2435"]
[WhiteFideId "1017063"]
[BlackFideId "24175480"]
[EventDate "2025.07.01"]

1. d4 Nf6 2. c4 c5 3. d5 e6 4. Nc3 exd5 5. cxd5 d6 6. e4 g6 7. f4 Bg7 8. Bb5+
Nfd7 9. a4 O-O 10. Nf3 Na6 11. O-O Nb4 12. Re1 a6 13. Bf1 Re8 14. Be3 Nf6 15.
Bf2 Bg4 16. Rc1 Rb8 17. h3 Bxf3 18. Qxf3 Nd7 19. g4 Qc7 20. h4 c4 21. h5 b5 22.
axb5 axb5 23. b3 Qa5 24. bxc4 bxc4 25. Bxc4 Rec8 26. Bf1 Qa3 27. e5 dxe5 28.
hxg6 hxg6 29. f5 e4 30. Qxe4 Rxc3 31. Rxc3 Qxc3 32. fxg6 Rf8 33. d6 Ne5 34.
gxf7+ Rxf7 35. Rd1 Qb2 36. Be2 Nbc6 37. g5 Qb3 38. d7 Qb8 39. Kg2 Qd8 40. Bg4
Qxg5 41. Bg3 Nxg4 42. Qxc6 Ne3+ 43. Kh2 Qh5+ 44. Kg1 Qxd1+ 45. Kh2 Qh5+ 46. Kg1
Rf1# 0-1

[Event "Titled Tue 1st Jul Early"]
[Site "chess.com INT"]
[Date "2025.07.01"]
[Round "9"]
[White "Svane, Rasmus"]
[Black "Atoyan, Alberto"]
[Result "1-0"]
[WhiteTitle "GM"]
[BlackTitle "CM"]
[WhiteElo "2619"]
[BlackElo "2302"]
[WhiteFideId "4657101"]
[BlackFideId "13314831"]
[EventDate "2025.07.01"]

1. Nf3 Nf6 2. g3 d5 3. Bg2 Bf5 4. O-O e6 5. c4 c6 6. Qb3 Qb6 7. d3 Nbd7 8. cxd5
exd5 9. Qc2 Be7 10. Nc3 O-O 11. e4 dxe4 12. dxe4 Bg4 13. Be3 Qa5 14. Nd4 Ne5 15.
h3 Bd7 16. f4 Nc4 17. Bf2 Rfe8 18. Rad1 Rad8 19. e5 Nd5 20. Nb3 Qa6 21. Nxd5
cxd5 22. Rxd5 Be6 23. Rxd8 Rxd8 24. Nd4 Bd5 25. Bxd5 Rxd5 26. b3 Nb6 27. Nf5 Bf8
28. Qe4 Qd3 29. Qxd3 Rxd3 30. Rc1 g6 31. Nd4 Rd2 32. Rc2 Rd1+ 33. Kg2 Nd5 34. a4
Nb4 35. Rc8 Nd3 36. e6 Kg7 37. Be3 Bd6 38. Rd8 Ne1+ 39. Kf2 Bb4 40. Rd7 Nd3+ 41.
Kf3 Kg8 42. exf7+ Kg7 43. Ne6+ 1-0

[Event "Titled Tue 1st Jul Early"]
[Site "chess.com INT"]
[Date "2025.07.01"]
[Round "9"]
[White "Khoo-Thwe, Louis"]
[Black "Yaksin, Oleg"]
[Result "0-1"]
[WhiteTitle "CM"]
[BlackTitle "FM"]
[WhiteElo "2232"]
[BlackElo "2393"]
[WhiteFideId "1538756"]
[BlackFideId "24105880"]
[EventDate "2025.07.01"]

1. e4 c5 2. Nf3 d6 3. Nc3 Nf6 4. e5 dxe5 5. Nxe5 Nbd7 6. d4 Nxe5 7. dxe5 Qxd1+
8. Kxd1 Ng4 9. Bb5+ Bd7 10. e6 fxe6 11. Bxd7+ Kxd7 12. Ke2 a6 13. Re1 g6 14. Na4
Kc6 15. Kf1 b5 16. Rxe6+ Kd5 17. Nb6+ Kxe6 18. Nxa8 Bg7 19. Nc7+ Kd6 20. h3 Ne5
21. Nxa6 Ra8 22. Nxc5 Kxc5 23. Be3+ Kd6 24. Rd1+ Kc6 25. Bd4 Bf6 26. a3 Nc4 27.
Bxf6 exf6 28. b3 Nxa3 29. Rd2 Re8 30. f3 b4 31. Kf2 Nb5 32. g3 Nc3 33. g4 Nd5
34. h4 h6 35. Rd4 g5 36. Rc4+ Kd6 37. hxg5 hxg5 38. Rd4 Rc8 39. Rd2 Rc3 40. Re2
Nf4 41. Rd2+ Ke5 42. Kg3 Nd5 43. Kf2 Ne3 44. Re2 Kf4 45. Kg1 Rxc2 46. Re1 Kxf3
47. Ra1 Kg3 48. Kh1 Nxg4 49. Kg1 Rg2+ 50. Kf1 0-1

[Event "Titled Tue 1st Jul Early"]
[Site "chess.com INT"]
[Date "2025.07.01"]
[Round "9"]
[White "Miserendino, Alfredo"]
[Black "Arenas, David"]
[Result "0-1"]
[BlackTitle "GM"]
[WhiteElo "2032"]
[BlackElo "2335"]
[WhiteFideId "101800"]
[BlackFideId "4403177"]
[EventDate "2025.07.01"]

1. e4 c5 2. Nf3 d6 3. Bb5+ Bd7 4. Bxd7+ Qxd7 5. d4 cxd4 6. Qxd4 Nc6 7. Qd3 h6 8.
c4 Nf6 9. Nc3 e6 10. b3 Be7 11. Bb2 O-O 12. O-O Rfd8 13. h3 a6 14. Rfe1 Rac8 15.
Rad1 Qc7 16. Rc1 Nd7 17. Qe2 Bf6 18. Nd5 exd5 19. Bxf6 Nxf6 20. cxd5 Nd4 21.
Nxd4 Qxc1 22. Rxc1 Rxc1+ 23. Kh2 Re8 24. f3 Rec8 25. Nf5 R8c2 26. Qe3 Ra1 27.
Nxd6 Raxa2 28. Qg1 Nh5 29. Nf5 Nf4 30. Ne3 Re2 31. d6 Rad2 32. e5 Rd3 33. Kg3 g5
34. Ng4 h5 35. Nf6+ Kg7 36. Nxh5+ Nxh5+ 37. Kg4 Nf4 38. Kf5 Nxg2 39. d7 Rxd7 40.
e6 Rd5+ 41. Kg4 Ne3+ 42. Kg3 Rg2+ 43. Qxg2 Nxg2 44. e7 Re5 0-1

[Event "Titled Tue 1st Jul Early"]
[Site "chess.com INT"]
[Date "2025.07.01"]
[Round "9"]
[White "Reshetnikov, Alexey"]
[Black "Iljin, Timofey"]
[Result "1-0"]
[WhiteTitle "IM"]
[BlackTitle "IM"]
[WhiteElo "2492"]
[BlackElo "2242"]
[WhiteFideId "4162080"]
[BlackFideId "14110180"]
[EventDate "2025.07.01"]

1. d4 Nf6 2. c4 d6 3. Nc3 g6 4. e4 Bg7 5. Nf3 Bg4 6. Be2 Nbd7 7. Be3 e5 8. d5
Bxf3 9. Bxf3 h5 10. b4 Bh6 11. Bxh6 Rxh6 12. h4 Rh8 13. g3 Kf8 14. Bg2 Kg7 15.
Bh3 a5 16. a3 axb4 17. axb4 Nb6 18. c5 dxc5 19. bxc5 Nbd7 20. c6 bxc6 21. dxc6
Nc5 22. O-O Ncxe4 23. Nxe4 Nxe4 24. Re1 Qxd1 25. Raxd1 f5 26. Rd7+ Kf6 27. Rxc7
Rhc8 28. Rxc8 Rxc8 29. Rxe4 Rxc6 30. Ra4 Re6 31. Bf1 g5 32. Ra6 Rxa6 33. Bxa6
gxh4 34. gxh4 e4 35. Bb5 Ke7 36. Be2 f4 37. Bxh5 Kf6 38. Bg4 Kg6 39. Kf1 Kf6 40.
Kg2 Kg6 41. Bd1 Kh6 42. Kh3 Kg6 43. Kg4 e3 44. f3 Kh6 45. Be2 Kg6 46. Kxf4 Kh6
47. Kxe3 Kg6 48. f4 Kh6 49. Ke4 Kg6 50. f5+ Kf6 51. Kf4 1-0